| 000 | 00499nam a2200181Ia 4500 | ||
|---|---|---|---|
| 005 | 20251020182614.0 | ||
| 008 | 200515s9999 xx 000 0 und d | ||
| 082 | _aSC/69:338.5:512.1/C29 | ||
| 100 | _aCASTILLO ARISTONDO, Rodolfo SARMIENTO SOTO, Juan | ||
| 245 | 0 | _aSistema de reajuste de precios por formulas polinómicas en la construcción | |
| 250 | _a4a ed. | ||
| 260 | _aLima | ||
| 260 | _c1985 | ||
| 300 | _a78 | ||
| 650 | _aFORMULAS POLINOMICAS | ||
| 650 | _aPUB CAPECO | ||
| 942 | _cLIB | ||
| 999 |
_c3431 _d3431 |
||